[Event "Olympiad-42"]
[Site "Baku"]
[Date "2016.09.09"]
[Round "7.4"]
[White "Hansen, Eric"]
[Black "Volokitin, Andrei"]
[Result "0-1"]
[WhiteElo "2582"]
[BlackElo "2647"]
[Annotator "Volokitin,A"]
[PlyCount "104"]
[EventDate "2016.09.02"]
[EventType "team-swiss"]
[EventRounds "11"]
[EventCountry "AZE"]
[SourceTitle "CBM 175"]
[Source "ChessBase"]
[SourceDate "2016.11.10"]
[SourceVersion "1"]
[SourceVersionDate "2016.11.10"]
[SourceQuality "1"]
[WhiteTeam "Canada"]
[BlackTeam "Ukraine"]
[WhiteTeamCountry "CAN"]
[BlackTeamCountry "UKR"]

1. e4 c5 2. Nf3 d6 3. Bb5+ Nd7 4. c3 Ngf6 5. Qe2 a6 6. Ba4 b5 7. Bc2 Bb7 8. O-O
g6 9. d4 Bg7 10. Rd1 O-O ({Der Zug von I. Cheparinov} 10... Qb6 $5 {ist auch
möglich. Die Idee des Zuges ist nach} 11. e5 dxe5 12. dxe5 Qe6 $1 {zu spielen,
mit gutem Spiel.}) 11. Nbd2 {Weiss hat die Eroeffnung ohne Ambitionen
ausgespielt.Prinzipiell war-} (11. e5 {Weiss beherrscht den Raum.} Ne8 {
Der beste Zug, gegen e6.} ({Schlecht ist-} 11... Nd5 $2 12. e6 $1 $16) 12. Nbd2
(12. Be4 {ist nicht gefaehrlich.} Bxe4 13. Qxe4 Nc7 {mit normalem Spiel.}) (12.
e6 {Jetzt ist nicht so stark wegen-} Bxf3 $1 13. Qxf3 fxe6 14. Qh3 $44) 12...
Nc7 13. Ne4 cxd4 14. cxd4 Nb6 {Das ist die kritische Position nach 11.e5:
Weiss hat mehr Raum, Schwarz hat den Punkt d5 und das Gegenspiel gegen das
Zentrum. Die Stellung ist unklar.}) 11... Rc8 {Ich habe sehr bequeme Stellung
bekommen und dachte schon wie kann ich auf Gewinn zu spielen.} ({Genauer war-} 
11... Qc7 $1 12. d5 ({Nach} 12. Nf1 {meine Idee war.} cxd4 13. cxd4 Rac8 14.
Bd3 e5 $1 $15) 12... Nb6 $1 {Die Prophylaxe gegen a4, wenn-} 13. a4 Nxa4 $1 14.
Bxa4 bxa4 15. Nc4 ({Nach} 15. Rxa4 Rfe8 $1 $15 {mit der Idee e6.}) 15... a5 $1
{Und hier steht der Turm besser auf a8 !} 16. Bg5 Ba6 $15) 12. d5 $1 {Die
richtige Reaktion. Viel schwaecher war-} (12. Nf1 cxd4 13. cxd4 Qc7 14. Bd3 e5
$1 $15) ({Natuerlich-} 12. e5 $2 {geht nicht, weil Weiss nicht das Feld f4
kontroliert.} Nd5 $1 $15) 12... c4 {Die streitige Entscheidung: Schwarz
beherrscht das Feld c5, aber verliert das Feld d4.} ({Staerker war der
logische Zug-} 12... Re8 $1 13. a4 Qb6 14. axb5 ({Nach} 14. c4 b4 {mit der
Idee e6, hat Schwarz die Initiative.}) 14... axb5 15. c4 e6 16. dxe6 Rxe6 17.
cxb5 Qc7 $1 18. Qf1 Nb6 $1 {Schwarz hat die Initiative, aber denke ich,dass
Weiss diese Stellung halten muss.}) ({Der Zug} 12... Nb6 {ist nicht so stark
hier, der Turm steht auf c8 schlechter.} 13. a4 Nxa4 14. Bxa4 bxa4 15. Nc4 a5
16. Qc2 $1 $132) 13. Nf1 {Zu passiv. Der Springer zieht auf g3, wo er keine
Perspektiven hat. Logischer war-} (13. a4 Nc5 14. Nd4 $1 Qb6 15. N2f3 Rce8 16.
axb5 axb5 17. Be3 Ng4 18. Bf4 $11 {Und die Stellung ist dynamisch ausgeglichen.
}) 13... Nc5 14. Ng3 $2 {Der falsche Plan. Weiss verhindert nicht dem Zug e6.
Die Prophylaxe gegen e6 war besser-} (14. Bf4 $1 Re8 $1 15. Ng3 Bf8 $1 {
Und trotzdem e6, aber nach} 16. Qd2 e6 17. dxe6 Rxe6 {Die Position ist
ungefaehr ausgeglichen.}) 14... e6 $1 15. dxe6 Nxe6 $1 $15 {Richtig gespielt.
Der Laeufer auf b7 ist wieder ins Spiel, auch Weiss hat kein Zug-Bf4.} 16. a4
Re8 {Schwarz verstaerk seine Stellung. Es gibt auch die andere Moeglichkeiten.}
(16... b4 $5 {Ein Computerzug, der ich nicht waehrend der Partie sah.} 17. cxb4
Re8 $44) (16... Qc7 {Mit der Idee d5, sieht logisch aus.} 17. axb5 axb5 18. Be3
d5 $1 19. Nd4 $1 Nxd4 20. Bxd4 Nxe4 21. Bxe4 $1 dxe4 22. Bxg7 Kxg7 23. Qe3 f5
24. Ne2 $1 {Weiss hat  einige Kompensation fuer den Bauer.}) 17. axb5 axb5 18.
Ng5 $2 {Ein Fehler. Weiss vergisst ueber seine Entwicklung.} ({Schlecht ist-} 
18. e5 $2 Ng4 $1 19. Rxd6 $140 Qc7 $17 {Einfach ist besser fuer Schwarz.}) (18.
Be3 $1 {Dieser Entwicklungszug ist logisch. Insgesamt steht Schwarz etwas
besser,aber Weiss muss Remis halten.Zum Beispiel-} Nc5 19. Nd4 Qb6 20. f3 d5
21. b4 cxb3 22. Nxb3 dxe4 23. Nxe4 Nfxe4 24. fxe4 $15) 18... Ra8 $2 {Der
Antwortfehler. Natuerlich rechnete ich den Zug-} (18... Nc5 $1 {aber nach} 19.
Bf4 {habe ich ganz vergessen ueber-} Nd5 $1 20. Bc1 h6 $17 {Schwarz ist besser.
}) 19. Rxa8 Bxa8 20. f3 {Weiss kann ausgleichen mit dem Zug-} (20. Be3 {
Mit der Idee Dd2. Zum Beispiel-} Nxg5 21. Bxg5 Re6 22. Qd2 Qe8 23. f3 d5 24.
exd5 Nxd5 25. Be4 Rd6 26. Bh6 $11) 20... d5 21. e5 ({Der feste Zug-} 21. Qf2 {
ist auch moeglich.} Qc8 $5 22. exd5 Nxd5 23. Nxe6 Qxe6 24. Be4 {Die Stellung
ist etwas angehnemer fuer Schwarz, aber die Partie muss ins Remis enden.})
21... Nxg5 22. Bxg5 Qc7 {Die beide Spieler waren schon im Zeitnot: Ich hatte
in diesem Moment nur 3 Minuten und mein Gegner etwa 9 Minuten. Die Stellung
ist schon unklar.} 23. f4 Nd7 24. Qf2 Nc5 {Mehr nuetzlich war-} (24... b4 $1 {
Und jetzt nur einziger Zug kann ausgleichen.Zum Beispiel.} 25. Ba4 $1 Bc6 26.
Bxc6 Qxc6 27. Qf3 $1 f6 $5 28. exf6 Nxf6 29. Bxf6 Bxf6 30. Qxd5+ Qxd5 31. Rxd5
bxc3 32. bxc3 Bxc3 33. Kf2 $11 {Und Weiss muss Remis machen}) 25. Ne2 $1 {
Die Stellung ist dynamisch ausgeglichen aber strategisch hat Weiss die
besseren Perspektiven und fuer Weiss ist leichter zu spielen.} Rb8 {Ich suchte
das Gegenspiel.} ({Der Zug-} 25... Ne4 {war objektiv besser, aber nach} 26.
Bxe4 dxe4 27. Qe3 $1 {Diese Stellung wegen des Laeufers auf a8 gefiel mir
nicht.}) 26. Nd4 ({Staerker war-} 26. Qh4 $1 {und jetzt nach} b4 {Der Laeufer
zieht auf d6} 27. Be7 $1 $14 {Weiss steht etwas besser.} b3 (27... bxc3 28. Bd6
$1 Qb7 29. Nd4 $3 {gegen d4.} Rc8 30. bxc3 $14) (27... Qa7 28. Nd4 bxc3 29.
bxc3 Ne4 30. Bxe4 dxe4 31. Bd6 Re8 32. Qf2 $14) 28. Bb1 Re8 29. Bd6 $1 Qb6 30.
Nd4 Ne4 31. Bxe4 dxe4 32. Qh3 $14) 26... b4 27. Qh4 bxc3 28. bxc3 Ne6 {Dieser
Zug sieht fest aus, aber der beste Zug war-} (28... Ne4 $1 {Und nach} 29. Bxe4
dxe4 30. Bf6 {Schwarz hat das fantastische, forcierte Remis !} e3 31. Bxg7 Rb2
$1 (31... Kxg7 {Ich sah waehrend der Partie nur diesen Zug.} 32. Qf6+ Kg8 33.
e6 $14) {Und jetzt am einfachsten ist-} 32. Nf3 $1 ({Ploetzlich verliert der
Zug-} 32. Bh6 $4 {wegen fantastische-} Qd7 $3 {Das ist wirklich sehr gute
taktische Aufgabe. Die Idee des Zuges ist Tg2 und Dd5, ausserdem gibt Schwarz
keine b Linie fuer Weiss.} (32... Rxg2+ $2 33. Kf1 Qd7 $140 $2 34. Rb1 $1 $18)
33. Ra1 Rxg2+ 34. Kf1 Qd5 $1 $19) 32... Bxf3 33. Rd8+ Kxg7 34. Qf6+ Kh6 35.
Qg5+ $11 {Mit dauer Schach.}) 29. Bf6 {Jetzt kann Schwarz wieder ein Remis
machen.} ({Der Zug-} 29. Be7 $1 {verspricht Weiss die Initiative.} Rb2 30. Bd6
Qd7 31. Rc1 Nxd4 32. cxd4 $14 {Mit der Idee f5.}) 29... Bxf6 30. Qxf6 Nxd4 31.
Rxd4 Rb6 ({Der starke Zug-} 31... Qa5 $1 {macht sofort das Remis.} 32. e6 Rf8
$1 {Und Weiss hat hier nur dauer Schach.} 33. Bf5 $5 gxf5 34. Qg5+ Kh8 35. Qf6+
$11) 32. Qg5 Rb2 $2 {Im Zeitnot die Qualitaet des Spieles fiel riesig.Das
Gegenspiel des Schwarzes geht schon nicht, Schwarz musste nur an der
Verteidigung denken.} ({Der zuverlaessige Zug-} 32... Kg7 $1 {war richtig, mit
der Idee f6} 33. h4 f6 $1 34. exf6+ Rxf6 {Und Schwarz muss die Position halten.
} 35. h5 (35. f5 h6 $1 36. Qg4 (36. Qe3 gxf5) 36... Qe5 $132) 35... Qe7 $11)
33. Bd1 $14 Bc6 $2 {Es gibt schon keine Zeit, um seine Stellung zu verbessern.}
({Der direkte Zug-} 33... Qa5 $2 {ist schlecht} 34. f5 $1 Qxc3 $140 35. Qd8+
Kg7 36. f6+ Kh6 37. Rh4+ $1 Kg5 38. Rg4+ Kf5 39. Qd7+ Kxe5 40. Qe7+ Kf5 41. h4
$1 h6 42. Qd7+ Ke5 43. Kh2 $1 $18) ({Der Computerzug -} 33... h6 $1 {ist stark.
} 34. Qxh6 {Weiss muss das Baueropfer akzeptieren.} Rb1 $1 {Jetzt hat Schwarz
viele Ideen wie Da5.Db6 oder Da7.} 35. Qh3 $1 (35. e6 Qb6 $1 $11) (35. h3 Qa5
$1 $11) 35... Qa7 $1 36. Kf1 Qa1 $44 {Die Aktivitaet der schwarzen Figuren ist
genug fuer Remis.}) 34. h4 $1 Qa5 $2 {Mein letzter Fehler in dieser Partie,
worauf ist die Stellung hoffnugslos . Ich haette h6 doch spielen muessen.} (
34... h6 $1 35. Qg3 Kh7 36. h5 Qe7 37. hxg6+ fxg6 38. Kh2 $16 {Weiss steht
besser, aber Schwarz kann noch erfolgreich verteidigen.}) 35. h5 $18 {
Strategisch und taktisch hat Weiss die gewonnene Stellung. Der naechste Zug
ist h6.} Bd7 {Die Verzweiflung. Ich stellte meine letzte Falle in der Partie.}
36. Rxd5 $4 {Diagram [#] Unglaublich ! Mein Gegner ging direkt in die Falle.
Er dachte, dass er sofort gewinnt... Natuerlich gewinnt-} (36. h6 $1 Be6 37. g4
$18) 36... h6 $1 $11 {Und die Partie begann wieder.} 37. Rxa5 hxg5 38. Bf3 $2 {
Wieder ein grober Fehler. Erik war so schockiert, dass er der zweite grober
Fehler machte. Nach} (38. Rd5 $1 Be6 $11 {Remis ist klar.}) 38... g4 $1 39. Bd5
$1 g3 $1 40. Kf1 $1 ({Nach} 40. Ra1 $2 gxh5 $1 41. Bxc4 Bc6 $1 42. Bf1 h4 $19 {
Schwarz gewinnt sehr leicht.}) 40... Bg4 $1 41. Bf3 $2 {Der entscheidende
Fehler. Der einzige Zug war-} (41. Ra1 $1 {Theoretisch kann Weiss das Remis
halten, aber im Praxis hat Schwarz 60% Gewinnchancen, glaube ich. Jetzt hat
Schwarz zwei Wege:} Be2+ $1 {Dieser Zug wollte ich in der Partie machen. Er
ist mehr gefaehrlich fuer Weiss.} (41... gxh5 42. Bxc4 {Um Remis zu machen,
hat Weiss die Aufgabe seine drei Bauern f4,e5,c3 fuer ein Bauer f7 zu
abtauschen.} Rf2+ (42... Be6 {Eine interessante Idee, aber Weiss tauscht auf
jeden Fall seine drei Bauern fuer ein Bauer e6 ab.} 43. Bxe6 fxe6 44. Kg1 $1 {
Mit der Idee Tf1 und f5.} Kf7 45. Rc1 $1 Rf2 (45... Kg6 46. c4 $11) (45... Ke7
46. Rf1 h4 47. f5 $11) 46. Rf1 $11) 43. Kg1 Rc2 (43... Rxf4 44. Bd5 $15 {
Weiss macht das Remis sehr leicht.}) 44. Bb3 Rxc3 45. Bd1 $1 Bxd1 46. Rxd1 Re3
$1 {Dieser Zug verhindert f5, sonst f5 und e6 mit Remis.} 47. Kf1 $1 Re4 (47...
Kg7 48. Rd6 $11) 48. Re1 $1 Rxf4+ 49. Ke2 $1 {Dieses Turmendspiel kann Weiss
erfolgreich verteidigen. Zum Beispiel.} Kg7 50. Ke3 Rf2 51. Re2 Rf1 52. Ra2 Kg6
53. Ra6+ Kg5 54. Ra5 $1 Rf5 55. Ra8 $1 Rxe5+ (55... Rf2 56. Ra5 Kg6 (56... Rxg2
57. e6+ $11) 57. Ra6+ Kf5 (57... Kg7 58. Ra7 $15) 58. Ra7 Rxg2 59. Kf3 Rg1 60.
Rxf7+ Kg6 61. Rf4 $1 $11) 56. Kf3 h4 57. Rg8+ Kf5 58. Rg5+ $1 Kf6 59. Rg8 $15)
42. Ke1 $8 (42. Kg1 $4 gxh5 $19) 42... Bxh5 $1 (42... gxh5 $2 43. Ra8+ Kg7 44.
Ra7 $11) 43. e6 $8 {Weiss tauscht logisch das Material ab.Dieses Endspiel kann
nur ein Computer halten, fuer den Mensch ist diese Aufgabe sehr kompliziert.
Jetzt hat Schwarz zwei Moeglichkeiten:} fxe6 (43... Re2+ 44. Kf1 fxe6 45. Bxc4
Re4 46. Bd3 $1 ({schlecht ist-} 46. Bb3 $2 Be2+ $1 47. Kg1 Bd3 $19) 46... Rxf4+
47. Kg1 {Hier hat Schwarz auch einige praktischen Chancen auf Gewinn, aber
muss Weiss objektiv ein Remis halten.Zum Beispiel-} Kf7 (47... Rf2 48. Re1 Rd2
49. Bc4 $1 Bg4 50. Re4 $1 Rd1+ 51. Bf1 Bf5 52. Re3 Bg4 53. Re4 Bh5 $1 54. Rxe6
$15 {mit Remis.}) 48. c4 Rf2 49. Re1 Rd2 50. Re3 Rd1+ 51. Bf1 Ke7 52. c5 Rc1
53. c6 Bg4 54. Re4 Bf5 55. Re3 $15) 44. Bxe6+ Kf8 45. Bd5 $8 Ke7 (45... Bg4 $5
46. Ra8+ $1 Ke7 47. Ra5 $3 {Das ist eine Etuede ! Die Idee besteht darin, nach
Zuege-} Re2+ 48. Kf1 Rc2 49. Bf3 $1 Rf2+ ({Wenn Schwarz sofort spielt Lf5-} 
49... Bf5 50. Ra3 $1 Kd6 51. Ke1 Kc5 52. Be2 Bd3 53. Ra5+ $1 Kc6 54. Bd1 Rxg2
55. Bf3+ Kb6 56. Rg5 $15 {Mit Remis.}) 50. Kg1 {Und nach} Bf5 {Es gibt ein
Schach mit Remis.} 51. Re5+ $1 {Das ist die Idee des Zuges 46.Ta8!} Kf6 52. Re2
$1 Rxe2 53. Bxe2 Be6 54. Bf3 Kf5 55. Kf1 Kxf4 56. Ke2 $11) 46. Ra5 $1 {Mit der
Idee Lc4,Tg5.} Re2+ 47. Kf1 Rd2 48. Bf3 $1 Rf2+ 49. Kg1 $1 Rc2 (49... Bxf3 50.
gxf3 Rxf3 51. Kg2 Rxc3 52. Ra6 $1 $11) 50. Kf1 Rxc3 51. Bxh5 gxh5 52. Rxh5 $15
{Und Weiss muss das Remis machen.}) 41... Rf2+ $1 $19 {Ich dachte an diesem
Zug etwa 20 Minuten. Schwarz gewinnt in allen Varianten.} 42. Kg1 ({Nach} 42.
Ke1 {gewinnt Schwarz sehr schoen.} Bxf3 43. gxf3 gxh5 44. e6 Kf8 $3 45. Rf5 (
45. Rxh5 fxe6 $19) 45... Rxf3 46. Rxf7+ Ke8 47. Ke2 g2 48. Rg7 Rxc3 49. f5 Rc1
$19) 42... Rc2 $1 43. Ra8+ ({Nach} 43. Kf1 Bxf3 44. gxf3 gxh5 45. e6 fxe6 46.
Rg5+ Kf7 47. Rxg3 Rxc3 48. Rh3 Rd3 $1 49. Rxh5 (49. Ke2 Rd5 $19) 49... Rxf3+
50. Ke2 Rxf4 $19 {Laut Datenbank von Nalimov, Schwarz gewinnt in 45 Zuege.})
43... Kg7 44. Ra1 gxh5 $1 {Die Genauigkeit bis zum Ende ! Mein Gegner stellte
mir eine Falle, nach-} (44... Bxf3 $4 45. h6+ $11) 45. Bxg4 hxg4 46. f5 Re2 $1
{Technisch gespielt,} 47. e6 fxe6 48. fxe6 Kf6 49. Kf1 Rf2+ 50. Kg1 Kxe6 51.
Re1+ Kf5 $1 (51... Kd5 $4 52. Re3) 52. Rf1 (52. Re3 Kf4 $19) 52... Ke4 0-1

[Event "Qatar Masters op"]
[Site "Doha"]
[Date "2014.12.02"]
[Round "7"]
[White "Volokitin, Andrei"]
[Black "Cheparinov, Ivan"]
[Result "1-0"]
[WhiteElo "2627"]
[BlackElo "2684"]
[Annotator "Volokitin,A"]
[PlyCount "59"]
[EventDate "2014.11.26"]
[EventType "swiss"]
[EventRounds "9"]
[EventCountry "QAT"]
[SourceTitle "CBM 164"]
[Source "ChessBase"]
[SourceDate "2015.01.15"]
[SourceVersion "1"]
[SourceVersionDate "2015.01.15"]
[SourceQuality "1"]

1. e4 c5 2. Nf3 d6 3. Bb5+ {Dieser Zug war für mich eine schwierige
Entscheidung. Normalerweise ziehe ich 3.d4, aber Ivan spielt fast immer
Najdorf und ist sehr gut vorbereitet in der Hauptvarianten, deswegen habe ich
ihn überrascht.} Nd7 {Nach Schach spielt er fast immer 3...Nd7.} 4. c3 Ngf6 5.
Qe2 {Ich spiele auch mit Schwarz ziemlich oft Najdorf und habe mit dieser
Stellung schon zwei Partien gespielt.} a6 6. Ba4 b5 7. Bc2 Bb7 8. d4 ({Ich
habe mit d4 angefangen, denn} 8. O-O g6 9. d4 Bg7 10. e5 {ist nicht so stark.}
dxe5 11. dxe5 Bxf3 $1 12. gxf3 Nh5 $1 {Wegen der schlechteren weißen Struktur
Schwarz hat gutes Gegenspiel.}) 8... g6 {Die Waffe von Cheparinov. Er hat so
die letzten zwei Partien gespielt.} 9. a4 {Ein nützlicher Zug.} Bg7 10. e5 {
So war meine Idee. Vor der Partie dauerte meine Vorbereitung unglaublich lang
- mehr als 3 Stunden. Ich habe herausgefunden, wie man hier den Gegner vor
größte praktische Probleme stellen kann.} Bxf3 ({Genauer ist} 10... dxe5) 11.
gxf3 ({Ich habe auch gerechnet} 11. Qxf3 dxe5 12. dxc5 bxa4 $1 $132 {mit gutem
Gegenspiel.}) 11... dxe5 12. dxe5 Nh5 {Der anderen Springerzug ist auch
möglich.} ({Nach} 12... Nd5 {habe ich geplant} 13. axb5 {zu spielen} ({Oder} 
13. e6 fxe6 14. Qxe6 Nc7 15. Qe2 O-O 16. O-O (16. h4 c4 $1 17. h5 Ne5 18. hxg6
hxg6 $132) 16... b4 $132) 13... axb5 14. Rxa8 Qxa8 15. e6 (15. Qxb5 {ist nicht
gefählich für Schwarz} Bxe5 16. O-O N5f6 {mit der Idee zu rochieren. Kein
Problem für Schwarz.}) 15... fxe6 16. Qxb5 {Ich habe diese Stellung für die
Partie vorbereitet. Aus praktischen Gründen ist sie leichter für Weiß zu
spielen. Und objektiv muss nur Schwarz um Ausgleich kämpfen.}) 13. f4 O-O ({
Die andere Möglichkeit ist} 13... Bh6 {- gegen die Idee Be4-f3 gerichtet. Und
hier hat Weiß verschiedene Züge :} 14. Qf3 {Ein logischer Zug. Weiß will den
Springer so schnell wie möglich entwickeln.} (14. O-O {Weiß kann den f-Bauern
nicht verteidigen. Zum Beispiel} b4 $1 {und jetzt muss Weiß den f-Bauern
verteidigen} (14... Bxf4 $6 {Besser ist es nicht den f-Bauern zu nehmen} 15.
Bxf4 Nxf4 16. Qe4 $1 Nh3+ (16... g5 17. axb5 Qc8 18. Nd2 Nxe5 19. bxa6 Ra7 20.
Kh1 $14) 17. Kh1 $1 Ng5 18. Qg2 Ne6 19. axb5 Nxe5 20. f4 Nc4 21. Qe4 Nd6 22.
Qc6+ Kf8 23. bxa6 $14) (14... Nxf4 $2 15. Qf3 $16) 15. Qg4 (15. Qe4 Ra7 {
mit der Idee ...Qa8!} 16. Bd1 ({Nach} 16. cxb4 cxb4 17. Qxb4 e6 $44 {mit der
Idee ...Qh4!}) 16... f5 $1 {Eine kleine Kombination.} 17. Qc4 Bxf4 $1 18. Bxf4
Nb6 19. Qxc5 Nxf4 $132) (15. Qf3 O-O 16. Be3 e6 17. Rd1 Qe7 18. Nd2 f6 $132)
15... Qc7 $1 {gegen Be3, Nd2.} 16. Be3 Rd8 $132 17. Nd2 $140 $4 Nxe5 18. fxe5
Bxe3 $17) (14. Qg4 $2 {geht hier nicht.} Nxe5 $1 15. fxe5 Bxc1 $17) (14. Qe4
O-O 15. Bd1 $140 $2 c4 $1 $15) 14... O-O 15. Be3 bxa4 $1 {Eine starke
dynamische Entscheidung. Schwarz will Zeit gewinnen mit Nb6-d5 oder Rb8.} 16.
Nd2 (16. Bxa4 Nb6) (16. Rxa4 Nb6 17. Ra1 Nd5 18. Be4 Ndxf4 $1 19. Bxa8 Nd3+ 20.
Ke2 Nhf4+ $1 21. Bxf4 Nxf4+ 22. Kf1 Qb6 $1 $44) 16... Rb8 $1 $132 {In allen
Varianten hat Schwarz genügend Gegenspiel für Ausgleich.}) 14. Be4 Rb8 $2 {
Schablonenhaft gespielt! Schwarz muss das Feld c5 kontrollieren.} (14... Rc8 $1
15. Bf3 c4 $1 16. Be3 {und hier kann Schwarz im Vergleich zur Partie ...Nc5
ohne Opfer spielen.} Nc5 $1 17. Bxh5 Nd3+ 18. Kf1 gxh5 19. Rg1 f6 $1 20. e6 $1
Qd5 21. Nd2 Kh8 22. Qf3 Qxe6 23. axb5 axb5 24. f5 Qf7 25. Ra7 {Die Stellung
ist objektiv ausgeglichen, aber Schwarz ist die Seite, die Remis machen muss.})
({oder} 14... c4 15. Be3 Rc8 {die gleiche Variante.}) 15. axb5 axb5 16. Bf3 $1
$14 {Jetzt hat Weiß einen klaren Vorteil, Schwarz muss etwas unternehmen.} c4
17. Be3 Nc5 $1 {Die beste praktische Entscheidung, sonst kann Schwarz ohne
Gegenspiel verlieren.} 18. Bxc5 Nxf4 19. Qe3 Nd3+ 20. Kf1 Bxe5 21. Ra7 $2 {
Ein Fehler. Ohne nachzudenken gespielt.} ({Der beste Zug war} 21. Ba7 $1 {
Der beste Platz für den Läufer. Hier kann der Läufer nicht geschlagen werden.}
Rc8 22. h4 $1 {ein nützlicher Zug} h5 23. Na3 Qd7 24. Nc2 $14 {Alle weißen
Figuren sind im Spiel. Weiß hat einen klaren Vorteil.}) 21... Qc8 $1 {Stark
gespielt. Die weißen Figuren haben eine schlechte Koordination. Schwarz hat
gute Kompensation.} 22. Bxe7 ({Den Zug} 22. b4 {habe ich gar nicht gesehen} Bf4
$1 23. Qe4 Qh3+ 24. Bg2 Qg4 {Und hier ist wahrscheinlich die beste
Entscheidung Remis zu machen:} 25. Bf3 (25. Qf3 Qh4 26. h3 Rbd8 $36) 25... Qh3+
26. Bg2 $11) 22... Re8 23. h4 $2 {Ein logischer Zug, aber Schwarz kann schoen
gewinnen danach.} ({Zuerst habe ich nur} 23. Bd5 {gerechnet, aber nach} Nf4 $1
$15 24. Bxf7+ $140 $2 Kxf7 25. Bd6+ Kg8 26. Bxe5 Rxe5 27. Qxe5 Qh3+ $19 {
gewinnt Schwarz. Und dann habe ich h4 gefunden.}) ({Der beste Zug war} 23. h3
$1 {mit der Idee eventuell Bg4 zu spielen} Bd6 24. Bg4 Qc6 25. Bf3 Qc8 $11)
23... Qe6 $2 ({Beide Spieler haben nicht diese schöne Kombination gesehen:} 
23... Bc7 $3 24. h5 Qd7 $1 (24... Bb6 $4 25. hxg6 Bxe3 26. Bf6 $18) 25. hxg6
Rxe7 $17 {und plötzlich hat Weiß kein Matt.}) 24. Bg5 $1 $16 {Wieder steht
Weiß besser.} Qd6 25. Nd2 f5 {Beide Spieler waren schon im Zeitnot.} 26. Rb7 $2
$138 ({Gewinnt sofort} 26. h5 $1 Bf6 27. Be4 $3 {Während der Partie habe ich
diesen Zug nicht gesehen.} fxe4 28. hxg6 hxg6 29. Qh3 Re7 30. Nxe4 $18) 26...
Rxb7 ({Oder} 26... Bxc3 $2 27. Qa7 $1 Bd4 28. Rd7 $1 $18) 27. Bxb7 h6 $1 {
Mein Gegner hat in Zeitnot diese schöne Idee gefunden.} 28. Bxh6 Re7 $1 29. Qf3
Kh7 $4 {Der letzte Zeitnotfehler in dieser Partie.} ({Nach dem richtigen} 29...
Bf4 $1 30. Bd5+ Kh7 31. Bxc4 $1 bxc4 32. Nxc4 Qa6 33. Qxd3 Kxh6 34. Qd5 $14 {
steht Weiß besser, aber die Partie wird sehr lang dauern.}) 30. Bf8 $1 1-0

[Event "Bonn GSK"]
[Site "Bonn"]
[Date "1995.??.??"]
[Round "9"]
[White "Maiwald, Jens Uwe"]
[Black "Kengis, Edvins"]
[Result "1-0"]
[WhiteElo "2455"]
[BlackElo "2575"]
[Annotator "Von Gleich,A"]
[PlyCount "83"]
[EventDate "1995.??.??"]
[EventType "tourn"]
[EventRounds "11"]
[EventCountry "GER"]
[EventCategory "8"]
[SourceTitle "CBM 045"]
[Source "ChessBase"]
[SourceDate "1995.04.01"]
[SourceVersion "1"]
[SourceVersionDate "1995.04.01"]
[SourceQuality "1"]

1. e4 c5 2. Nf3 d6 3. Bb5+ Nd7 4. d4 Ngf6 5. Nc3 a6 6. Bxd7+ Nxd7 7. O-O e6 8.
Bg5 Qc7 9. Re1 f6 10. Bh4 Be7 11. e5 dxe5 (11... fxe5 12. Bxe7 Kxe7 13. dxe5 d5
14. Qd2 $16) 12. dxe5 O-O (12... Nxe5 13. Nxe5 fxe5 14. Bxe7 Qxe7 15. Qh5+ g6
16. Qxe5 O-O 17. Rad1 $16) 13. exf6 Nxf6 14. Qe2 Bd7 15. Bg3 Bd6 16. Bxd6 (16.
Ne5 Rad8 17. Rad1 Bxe5 18. Bxe5 Qc6 19. Rd6 Qc8 20. Bxf6 Rxf6 21. Red1) 16...
Qxd6 17. Rad1 Qe7 18. Ne5 Be8 19. Ne4 Nd5 20. c4 Nf4 21. Qe3 Rc8 22. g3 Ng6 {
[#]} 23. Nd6 Rc7 24. Nxe8 Rxe8 25. Nxg6 hxg6 26. Qe5 $16 Rc6 27. Rd2 Rd8 28.
Red1 Rxd2 29. Rxd2 g5 30. Kg2 Rc8 31. Rd6 Kf7 32. a4 Re8 33. Rd3 b6 34. Qe4 Qc7
35. Qh7 Qe5 36. Rd7+ Re7 37. Qh5+ Kf6 38. Rd3 Rc7 39. Rf3+ Ke7 40. Qf7+ Kd6 (
40... Kd8 41. Qf8+ Kd7 42. Rd3+ Kc6 43. Qa8+ Rb7 44. Qe8+ Kc7 45. Rd7+ Kc6 46.
Rd8+ Kc7 47. Qd7#) 41. Rd3+ Kc6 42. Qf3+ 1-0